00768 2200277 4500001002100000005001700021020002200038035002400060040001200084082001700096084001900113090001900132100001600151245007900167250001700246260003300263300004300296500003100339650002300370850001200393990001700405990001700422990001700439990001700456990001700473YOGYA00000000010154520141009090832.0 a978-979-756-904-4 0010-041400000000148 aYOPDYOG 2[22]a001.42 aQ 001.42 Ton M aQ 001.42 Ton M aTONY WIJAYA aMetodologi penelitian ekonomi dan bisnisb: teori dan praktikcTony Wijaya aEd.1, cet. 1 aYogyakartabGraha Ilmuc2013 aviii, 144 hlm.bilus.c26 cm. (5 eks.) aBibliografi : hlm. 143-144 aPenelitian, metode aYOPDYOG a6731/PD.2014 a6732/PD.2014 a6733/PD.2014 a6734/PD.2014 a6735/PD.2014